000 00612nam a2200205Ia 4500
005 20250326144901.0
008 250326s9999 xx 000 0 und d
020 _a0-13-746793-1
037 _aTextbook
040 _aFMSL
_beng
_cFMSL
041 _aeng
_2eng
084 _aX:8ogB2893 N0;1
_qFMSL
100 _aGordon Gilbert
_9267058
245 0 _aQuantitative decision making for business
_cGordon Gilbert And Others
250 _a3
260 _aUnited Kingdom
_bUnited Kingdom, Prentice Hall
_c1990
300 _axii,666
942 _cTB
_hX:8ogB2893 N0;1
999 _c1305459
_d1305459